| 000 | 00000nam##2200000za#4500 |
| 001 | 9.574503 |
| 003 | CaOODSP |
| 005 | 20210624184221 |
| 007 | cr ||||||||||| |
| 008 | 150406|2006||||xxc|||||o f|0| 0 eng|d |
| 040 | |aCaOODSP|beng |
| 043 | |an-cn--- |
| 086 | 1 |aTU3-5/06-7E-PDF |
| 110 | 2 |aTransportation Safety Board of Canada. |
| 245 | 10|aIn-flight separation of flap tab - Express Net Airlines Airbus A300 B4-203 N372PC, Toronto, Ontario, 01 May 2006 |h[electronic resource] |
| 260 | |aGatineau - Quebec : |bTransportation Safety Board of Canada |c2007. |
| 300 | |a8p.|bfig., table, photographs |
| 490 | 1 |aAviation investigation report |vA06O0104 |
| 500 | |a"The Board authorized the release of this report on 23 October 2007" --p.8. |
| 590 | |a12-33-Supp|b2012-07-18 |
| 775 | 08|tPerte en vol d'un tab de volet de l'Airbus A300 B4-203 N372PC, exploité par Express Net Airlines à Toronto (Ontario), le 1er mai 2006 |w(CaOODSP)9.604247 |
| 830 | #0|aAviation investigation report ;|vA06O0104|w(CaOODSP)9.504825 |
| 856 | 40|ahttp://publications.gc.ca|qPDF|s280 KB|uhttps://publications.gc.ca/collections/collection_2012/bst-tsb/TU3-5-06-7-eng.pdf|yA06O0104 |